000 00920nam a2200289 i 4500
003 DO-SdBNP
005 20260420101327.0
007 ta
008 260420b1983 dr a|||| |||| 00| 0 spa d
040 _aDO-SdBNP
_bspa
_cBNPHU
_erda
041 _aspa
082 4 _aRD867.44
_bP438e 1983
_222
100 1 _aPérez, Mario Emilio,
_d1935-
_eautor
_4aut.
_922183
245 1 0 _aEstampas dominicanas :
_btercera entrega /
_cMario Emilio Pérez
250 _atercera edición
264 1 _aSanto Domingo :
_bEdiciones de Taller,
_c1983.
300 _a133 páginas :
_bilustraciones ;
_c22 cm.
336 _atexto
_btxt
_2rdacontent
337 _asin mediación
_bn
_2rdamedia
338 _avolumen
_bnc
_2rdacarrier
490 1 _aBiblioteca Taller
_v56
590 _aInventariado, 2026/BT
650 4 _aHumorismo dominicano
_9275
650 4 _aLiteratura folclorica dominicana
_926923
910 _aBtavárez
942 _2ddc
_cLBS1
999 _c60581
_d60581